000 00968nam a2200301 i 4500
001 bg
100 1 _aCHRYSSIDES, George D.
245 1 0 _aWprowadzenie do etyki biznesu /
_cGeorge D. Chryssides, John H. Kaler ; przeł. Hanna Simbierowicz, Zofia Wiankowska-Ładyka.
246 _iTyt. oryg.:
_aAn introduction to business ethics
260 _aWarszawa :
_bWydawnictwo Naukowe PWN,
_c1999.
300 _a583, [1] s. ;
_c24 cm.
500 _aTyt. oryg.: "An introduction to business ethics".
504 _aIndeks.
650 9 _aEtyka społeczna
_xzagadnienia
650 9 _aGospodarka
_xetyka
650 9 _aZarządzanie
_xetyka
650 9 _aZawód
_xetyka
700 1 _aKaler, John H.
700 1 _aSimbierowicz, Hanna.
_eTł.
700 1 _aWiankowska-Ładyka, Zofia.
_eTł.
020 _a8301126884
040 _cBPK
041 1 _apol
_heng
080 _a330.162
920 _a83-01-12688-4
942 _cKS
008 s pl f |000 0 pol
999 _c53359
_d53359
856 _uhttp://koha.tu.koszalin.pl/cgi-bin/koha/opac-detail.pl?biblionumber=53359
_yKatalog online BPK